ARIES, Nainital: A strategically important location for climate change studies in the Central Gangetic Himalayan region (Record no. 54486)

MARC details
000 -LEADER
fixed length control field 00502nam a2200169Ia 4500
100 ## - MAIN ENTRY--AUTHOR NAME
Personal name Sagar Ram
245 #0 - TITLE STATEMENT
Title ARIES, Nainital: A strategically important location for climate change studies in the Central Gangetic Himalayan region
260 ## - PUBLICATION, DISTRIBUTION, ETC. (IMPRINT)
Name of publisher Current Science
Year of publication 2015
300 ## - PHYSICAL DESCRIPTION
Number of Pages 703-713
650 ## - SUBJECT ADDED ENTRY--TOPICAL TERM
Topical Term Aerosols
650 ## - SUBJECT ADDED ENTRY--TOPICAL TERM
Topical Term Air pollution
650 ## - SUBJECT ADDED ENTRY--TOPICAL TERM
Topical Term Climate change
650 ## - SUBJECT ADDED ENTRY--TOPICAL TERM
Topical Term Trace gases
650 ## - SUBJECT ADDED ENTRY--TOPICAL TERM
Topical Term Wind prolifer
942 ## - ADDED ENTRY ELEMENTS (KOHA)
Koha item type Journals
Holdings
Withdrawn status Lost status Damaged status Not for loan Home library Current library Shelving location Date acquired Serial Enumeration / chronology Koha item type
      Journals RRII Library RRII Library Climate change 17/12/2021 Volume 109, Issue 4 Journals